[Event "First Saturday 09 July FM-C"]
[Site "Budapest"]
[Date "2009.07.04"]
[Round "1"]
[White "Szecsi, Peter"]
[Black "Pataki, Zemplen"]
[Result "1/2-1/2"]
[WhiteElo "1755"]
[BlackElo "1544"]
[PlyCount "109"]
[EventDate "2009.07.04"]

1. e4 c5 2. Nf3 Nc6 3. d4 cxd4 4. Nxd4 e5 5. Nb5 d6 6. N1c3 a6 7. Na3 b5 8. Nd5
Nf6 9. Nxf6+ Qxf6 10. c3 Be7 11. Be2 Bb7 12. O-O O-O 13. Nc2 Nb8 14. f3 Qg6 15.
Ne3 Nd7 16. Nf5 Rfe8 17. Nxe7+ Rxe7 18. Be3 Rd8 19. Qb3 Nf6 20. Rad1 d5 21.
exd5 Nxd5 22. c4 bxc4 23. Bxc4 Red7 24. Bf2 Nf4 25. Bg3 Rxd1 26. Rxd1 Rxd1+ 27.
Qxd1 Qb6+ 28. Bf2 Qc7 29. b3 h6 30. Kf1 e4 31. fxe4 Bxe4 32. g3 Ng6 33. Bxa6
Qc6 34. Bc4 Qc8 35. Qh5 Bb7 36. Qxg6 Qxc4+ 37. bxc4 fxg6 38. c5 Bc6 39. Ke2 Kf7
40. Kd3 Ke6 41. Kc3 g5 42. Kb4 Kd7 43. Bd4 g6 44. Be5 Kc8 45. Ka5 Kb7 46. Bg7
h5 47. Bf6 g4 48. Kb4 Ka6 49. Kc4 Ka5 50. Kd4 Kb5 51. Be7 Bf3 52. Ke5 Kc6 53.
a4 Be2 54. Kd4 Ba6 55. Bd8 1/2-1/2

[Event "First Saturday 09 July FM-C"]
[Site "Budapest"]
[Date "2009.07.04"]
[Round "1"]
[White "Pollak, Andras"]
[Black "Pasztor, Mate"]
[Result "0-1"]
[WhiteElo "1693"]
[BlackElo "1805"]
[PlyCount "76"]
[EventDate "2009.07.04"]

1. d4 Nf6 2. Nf3 d5 3. Ne5 e6 4. Bf4 c5 5. e3 Nc6 6. Nxc6 bxc6 7. Be2 cxd4 8.
exd4 Be7 9. O-O O-O 10. Nd2 c5 11. Nf3 a5 12. b3 Ba6 13. Bxa6 Rxa6 14. Qe2 Rb6
15. dxc5 Bxc5 16. Bg5 Re8 17. Rad1 Qe7 18. Bd2 Ra8 19. a4 Bb4 20. Bg5 Qc7 21.
Bxf6 gxf6 22. Nd4 Qe5 23. Qd3 Rc8 24. Qh3 Rc3 25. Rd3 Rxd3 26. Qxd3 Qe4 27.
Qg3+ Kf8 28. Rd1 e5 29. c3 exd4 30. cxb4 Rxb4 31. Rc1 Qe5 32. Qd3 f5 33. Qa6
Kg7 34. Qxa5 Rxb3 35. Qd8 h6 36. Rd1 d3 37. f4 Qe3+ 38. Kh1 d2 0-1

[Event "First Saturday 09 July FM-C"]
[Site "Budapest"]
[Date "2009.07.04"]
[Round "1"]
[White "Fabian, Laszlo"]
[Black "Mendege, Andras"]
[Result "1-0"]
[WhiteElo "1777"]
[BlackElo "1821"]
[PlyCount "73"]
[EventDate "2009.07.04"]

1. e4 e6 2. Nf3 d5 3. exd5 exd5 4. d4 Nf6 5. Bd3 Be7 6. O-O Bg4 7. Re1 O-O 8.
Be3 Nbd7 9. c3 c6 10. Nbd2 Bh5 11. Qc2 Bg6 12. Bg5 Re8 13. Bxg6 hxg6 14. h3 Qc7
15. Re2 Bd6 16. Rae1 Rxe2 17. Rxe2 Kf8 18. a3 Re8 19. Rxe8+ Kxe8 20. Qd3 Kf8
21. c4 dxc4 22. Nxc4 Nd5 23. Nxd6 Qxd6 24. g3 f6 25. Bd2 Kf7 26. Nh4 Nf8 27. b4
a6 28. Kg2 Qe6 29. Nf3 g5 30. Bxg5 Ng6 31. Bd2 Qd7 32. Qe4 Nc7 33. h4 Nb5 34.
h5 Nf8 35. a4 Nd6 36. Qf4 Qe6 37. Ng5+ 1-0

[Event "First Saturday 09 July FM-C"]
[Site "Budapest"]
[Date "2009.07.05"]
[Round "2"]
[White "Szoukup, Istvan"]
[Black "Mendege, Andras"]
[Result "0-1"]
[WhiteElo "1783"]
[BlackElo "1821"]
[PlyCount "142"]
[EventDate "2009.07.04"]

1. e4 e6 2. d4 d5 3. Nc3 dxe4 4. Nxe4 Bd7 5. Nf3 Bc6 6. Ng3 Nf6 7. Ne5 Be7 8.
Nxc6 Nxc6 9. c3 O-O 10. Bd3 e5 11. Bb5 exd4 12. Bxc6 bxc6 13. Qxd4 Qxd4 14.
cxd4 c5 15. Nf5 Rfe8 16. O-O cxd4 17. Nxd4 Bc5 18. Nb3 Bb6 19. Bg5 Ne4 20. Bh4
f5 21. a4 a5 22. Kh1 g5 23. f3 gxh4 24. fxe4 fxe4 25. Rf4 h3 26. gxh3 Rad8 27.
Rg4+ Kh8 28. Rf1 Rd3 29. Rg3 e3 30. Nc1 Rd2 31. Rg2 Red8 32. Re1 Rf8 33. Nb3
Rxg2 34. Kxg2 Rf2+ 35. Kg3 Rxb2 36. Nxa5 Bxa5 37. Rxe3 Rb4 38. Ra3 Kg7 39. h4
Kh6 40. Re3 Rxa4 41. Re6+ Kg7 42. Re7+ Kg6 43. h5+ Kxh5 44. Rxh7+ Kg6 45. Rd7
Rc4 46. Re7 Bc3 47. Re3 Bd4 48. Re2 c5 49. Kf3 Kf5 50. Re8 Rc3+ 51. Kg2 Rc2+
52. Kh1 Be5 53. Rf8+ Ke4 54. h4 Rh2+ 55. Kg1 Rxh4 56. Rc8 Kd5 57. Rd8+ Bd6 58.
Kf2 Re4 59. Kf3 Re7 60. Rh8 c4 61. Rh5+ Kd4 62. Rh4+ Kd3 63. Rh1 Rf7+ 64. Kg2
Bb4 65. Rh3+ Kc2 66. Rh4 Kb3 67. Rh1 c3 68. Rb1+ Kc4 69. Rc1 Ba3 70. Ra1 Kb3
71. Re1 c2 0-1

[Event "First Saturday 09 July FM-C"]
[Site "Budapest"]
[Date "2009.07.05"]
[Round "2"]
[White "Pasztor, Mate"]
[Black "Fabian, Laszlo"]
[Result "1-0"]
[WhiteElo "1805"]
[BlackElo "1777"]
[PlyCount "113"]
[EventDate "2009.07.04"]

1. e4 e5 2. Nf3 Nc6 3. Bb5 Nf6 4. O-O Be7 5. Re1 a6 6. Bxc6 dxc6 7. Nxe5 O-O 8.
d4 h6 9. Nc3 Re8 10. f4 Bb4 11. Qd3 Ba5 12. Be3 Bb6 13. Rad1 Qe7 14. h3 Nd7 15.
Nf3 Nf8 16. f5 Qf6 17. Bf2 Nh7 18. Ne5 Ng5 19. Ng4 Qd8 20. Qg3 h5 21. Ne5 Qf6
22. h4 Nh7 23. Nf3 Bd7 24. Ng5 Rad8 25. Nxh7 Kxh7 26. Qg5 Qxg5 27. hxg5 g6 28.
f6 Bg4 29. Rd3 Re6 30. d5 cxd5 31. Rxd5 Rxd5 32. Nxd5 Bxf2+ 33. Kxf2 c6 34. Nb4
Re5 35. Nd3 Rxg5 36. e5 a5 37. g3 b6 38. Re3 Be6 39. b3 Rf5+ 40. Ke2 g5 41. Ne1
Kg6 42. Nf3 c5 43. Rd3 c4 44. Re3 cxb3 45. cxb3 a4 46. Nd4 axb3 47. axb3 Bd7
48. Nxf5 Kxf5 49. Kd3 Ke6 50. Kd4 g4 51. Ke4 Bc6+ 52. Kf4 b5 53. b4 Bd5 54. Rd3
h4 55. gxh4 g3 56. Rxg3 Bc4 57. h5 1-0

[Event "First Saturday 09 July FM-C"]
[Site "Budapest"]
[Date "2009.07.05"]
[Round "2"]
[White "Pataki, Zemplen"]
[Black "Pollak, Andras"]
[Result "1-0"]
[WhiteElo "1544"]
[BlackElo "1693"]
[PlyCount "43"]
[EventDate "2009.07.04"]

1. e4 c5 2. d4 cxd4 3. c3 d3 4. Bxd3 e5 5. Nf3 Qc7 6. O-O a6 7. c4 d6 8. Nc3
Bg4 9. Nd5 Qd8 10. Be3 Nd7 11. h3 Be6 12. Qb3 Bxd5 13. cxd5 b6 14. Qa4 b5 15.
Qb4 Ngf6 16. a4 Nc5 17. Bc2 Rb8 18. axb5 axb5 19. Nxe5 dxe5 20. Bxc5 Qc7 21.
Bxf8 Rxf8 22. Bd3 1-0

[Event "First Saturday 09 July FM-C"]
[Site "Budapest"]
[Date "2009.07.06"]
[Round "3"]
[White "Pollak, Andras"]
[Black "Farkas, Richard"]
[Result "1/2-1/2"]
[WhiteElo "1693"]
[BlackElo "1818"]
[PlyCount "65"]
[EventDate "2009.07.04"]

1. d4 d5 2. Nf3 c5 3. dxc5 Nc6 4. c4 e6 5. cxd5 exd5 6. Nc3 Nf6 7. Bg5 Be6 8.
e3 Bxc5 9. Bd3 h6 10. Bh4 Be7 11. O-O Rc8 12. a3 a6 13. Rc1 O-O 14. Re1 Nd7 15.
Bg3 Nc5 16. Bc2 Qd7 17. b4 Ne4 18. Nxe4 dxe4 19. Qxd7 Bxd7 20. Bxe4 Bf6 21. Rb1
Be6 22. b5 Na5 23. bxa6 bxa6 24. Be5 Be7 25. Bd3 Nc4 26. a4 Nxe5 27. Nxe5 a5
28. Bb5 Bb4 29. Nc6 Bxe1 30. Ne7+ Kh7 31. Nxc8 Bxf2+ 32. Kxf2 Rxc8 33. Bd3+
1/2-1/2

[Event "First Saturday 09 July FM-C"]
[Site "Budapest"]
[Date "2009.07.06"]
[Round "3"]
[White "Fabian, Laszlo"]
[Black "Pataki, Zemplen"]
[Result "0-1"]
[WhiteElo "1777"]
[BlackElo "1544"]
[PlyCount "80"]
[EventDate "2009.07.04"]

1. e4 c5 2. Nc3 Nc6 3. Nf3 e6 4. d4 cxd4 5. Nxd4 Nf6 6. Be3 Bb4 7. Bd3 d5 8. e5
Nxe5 9. Bb5+ Bd7 10. Bxd7+ Qxd7 11. O-O Bxc3 12. bxc3 O-O 13. h3 Rac8 14. Ne2
b6 15. Bd4 Qd6 16. f4 Ned7 17. Ng3 Qe7 18. Re1 Nc5 19. Nf5 Qd8 20. Ng3 Nce4 21.
Qd3 Kh8 22. Be5 Rg8 23. Rad1 Nxg3 24. Qxg3 Qe7 25. Bd4 Ne4 26. Qf3 Qa3 27. Rxe4
dxe4 28. Qxe4 Qxa2 29. Kh2 a5 30. h4 a4 31. h5 h6 32. f5 exf5 33. Qf4 Rc6 34.
Re1 Qxc2 35. Re7 f6 36. Qg3 Rc4 37. Rxg7 Rxg7 38. Bxf6 Rcg4 39. Bxg7+ Kh7 40.
Qf3 Qxg2+ 0-1

[Event "First Saturday 09 July FM-C"]
[Site "Budapest"]
[Date "2009.07.06"]
[Round "3"]
[White "Mendege, Andras"]
[Black "Pasztor, Mate"]
[Result "1/2-1/2"]
[WhiteElo "1821"]
[BlackElo "1805"]
[PlyCount "102"]
[EventDate "2009.07.04"]

1. e4 e5 2. Nf3 Nc6 3. Bb5 a6 4. Ba4 Nf6 5. O-O Nxe4 6. Bxc6 dxc6 7. d3 Nc5 8.
Nxe5 Be7 9. Nc3 O-O 10. h3 f6 11. Nf3 Bf5 12. Re1 Re8 13. Bf4 Bd6 14. Qd2 Ne6
15. Bxd6 cxd6 16. Nh4 Bg6 17. Nxg6 hxg6 18. Re2 Qd7 19. Rae1 Nd4 20. Rxe8+ Rxe8
21. Rxe8+ Qxe8 22. Kf1 Kf7 23. Ne2 Ne6 24. Qb4 Qe7 25. Qb3 Ke8 26. d4 Kd8 27.
Qd3 f5 28. c3 Kc7 29. b4 Ng5 30. a4 Qe4 31. Qxe4 Nxe4 32. f3 Nf6 33. Ke1 Nd5
34. Kd2 g5 35. g3 Kd7 36. Nc1 f4 37. g4 Ke6 38. Nd3 Ne3 39. Nf2 d5 40. a5 Nc4+
41. Kc1 Nd6 42. Nd3 Kf6 43. Nc5 Ke7 44. Kc2 Kf6 45. Kd3 Ke7 46. Na4 Nc4 47. Nb6
Nxb6 48. axb6 Kd7 49. Kc2 Kd6 50. Kb3 Kd7 51. Ka4 Kd6 1/2-1/2

[Event "First Saturday 09 July FM-C"]
[Site "Budapest"]
[Date "2009.07.07"]
[Round "4"]
[White "Szoukup, Istvan"]
[Black "Pasztor, Mate"]
[Result "0-1"]
[WhiteElo "1783"]
[BlackElo "1805"]
[PlyCount "88"]
[EventDate "2009.07.04"]

1. e4 e5 2. Nf3 Nc6 3. Bb5 a6 4. Ba4 Nf6 5. O-O Nxe4 6. d4 b5 7. Bb3 d5 8. dxe5
Be6 9. Be3 Nc5 10. Nbd2 Be7 11. c3 Nxb3 12. Nxb3 Bg4 13. Bf4 Qd7 14. Qd3 Bf5
15. Qd2 O-O 16. Rad1 Rad8 17. Nbd4 Bg4 18. Qd3 Nxd4 19. cxd4 f6 20. Rc1 Bxf3
21. gxf3 fxe5 22. Bxe5 c6 23. f4 Rc8 24. Qg3 g6 25. Kh1 Rf5 26. Rg1 Rh5 27. Qd3
Kf7 28. Rg3 Qf5 29. Qxf5+ Rxf5 30. Rgc3 Bf6 31. Kg2 Bxe5 32. fxe5 Rf4 33. Rf3
Rxf3 34. Kxf3 Ke6 35. Kg4 h6 36. Rc3 Ke7 37. Rf3 c5 38. dxc5 Rxc5 39. Rc3 Rxc3
40. bxc3 a5 41. f4 d4 42. Kf3 dxc3 43. Ke2 Ke6 44. h4 g5 0-1

[Event "First Saturday 09 July FM-C"]
[Site "Budapest"]
[Date "2009.07.07"]
[Round "4"]
[White "Pataki, Zemplen"]
[Black "Mendege, Andras"]
[Result "0-1"]
[WhiteElo "1544"]
[BlackElo "1821"]
[PlyCount "52"]
[EventDate "2009.07.04"]

1. e4 e6 2. d4 d5 3. Nc3 dxe4 4. Nxe4 Bd7 5. Nf3 Bc6 6. Bd3 Nd7 7. O-O Ngf6 8.
Ng3 Be7 9. c4 O-O 10. Ne5 Re8 11. Nxc6 bxc6 12. f4 c5 13. dxc5 Nxc5 14. Bc2 Bd6
15. b4 Nb7 16. c5 Be7 17. Bb2 a5 18. a3 axb4 19. axb4 c6 20. f5 Qxd1 21. Rfxd1
Nd5 22. fxe6 fxe6 23. Re1 Nxb4 24. Bd4 Rxa1 25. Bxh7+ Kxh7 26. Rxa1 Nc2 0-1

[Event "First Saturday 09 July FM-C"]
[Site "Budapest"]
[Date "2009.07.07"]
[Round "4"]
[White "Farkas, Richard"]
[Black "Fabian, Laszlo"]
[Result "1-0"]
[WhiteElo "1818"]
[BlackElo "1777"]
[PlyCount "101"]
[EventDate "2009.07.04"]

1. e4 e5 2. Nf3 Nc6 3. Bb5 a6 4. Bxc6 dxc6 5. O-O Bg4 6. h3 Bxf3 7. Qxf3 Qf6 8.
Qxf6 Nxf6 9. d3 Bc5 10. Kh1 h6 11. f4 Nh5 12. Rf3 exf4 13. Bxf4 Nxf4 14. Rxf4
O-O 15. Nc3 Rad8 16. Raf1 Bd6 17. Rf5 g6 18. R5f3 Be5 19. Ne2 c5 20. Nf4 c6 21.
g4 Rd7 22. Nxg6 Re8 23. Nxe5 Rxe5 24. Rf6 Kg7 25. Kg2 c4 26. dxc4 Rxe4 27. b3
a5 28. R6f5 a4 29. R5f4 Rxf4 30. Rxf4 b5 31. cxb5 axb3 32. cxb3 cxb5 33. a4 Rd3
34. Rf3 Rd5 35. Rf5 Rd2+ 36. Kg3 bxa4 37. bxa4 Rd3+ 38. Rf3 Rd4 39. Ra3 Rd7 40.
a5 Ra7 41. a6 Kf6 42. Kf4 Ke6 43. Ke4 Kf6 44. Kd5 Kg5 45. Kc6 Kh4 46. Kb6 Re7
47. a7 Re8 48. a8=Q Rxa8 49. Rxa8 Kxh3 50. Rg8 Kh4 51. Kc5 1-0

[Event "First Saturday 09 July FM-C"]
[Site "Budapest"]
[Date "2009.07.07"]
[Round "4"]
[White "Szecsi, Peter"]
[Black "Pollak, Andras"]
[Result "1-0"]
[WhiteElo "1755"]
[BlackElo "1693"]
[PlyCount "61"]
[EventDate "2009.07.04"]

1. e4 e6 2. d4 d5 3. exd5 exd5 4. Nf3 Bf5 5. Bd3 Bxd3 6. Qxd3 Bd6 7. O-O Nf6 8.
Qb5+ Nbd7 9. Qxb7 O-O 10. Nc3 Nb6 11. Qa6 Nc4 12. b3 Nb6 13. Qd3 c6 14. Bg5 h6
15. Bh4 Nbd7 16. Rfe1 Bb4 17. a3 Ba5 18. b4 Bb6 19. Ne5 Qc8 20. Nxd7 Nxd7 21.
Re2 Re8 22. Rae1 Rxe2 23. Rxe2 Nf8 24. Na4 Ng6 25. Bg3 Bd8 26. Re8+ Kh7 27. Nc5
a5 28. bxa5 Rxa5 29. Bh4 Qg4 30. Bxd8 Rxa3 31. Nb3 1-0

[Event "First Saturday 09 July FM-C"]
[Site "Budapest"]
[Date "2009.07.08"]
[Round "5"]
[White "Fabian, Laszlo"]
[Black "Szecsi, Peter"]
[Result "0-1"]
[WhiteElo "1777"]
[BlackElo "1755"]
[PlyCount "136"]
[EventDate "2009.07.04"]

1. e4 e5 2. Nc3 Nf6 3. Bc4 Bb4 4. Nf3 Nc6 5. Ng5 O-O 6. a3 Bxc3 7. dxc3 h6 8.
h4 d6 9. Nxf7 Rxf7 10. Bxf7+ Kxf7 11. Be3 Be6 12. f3 Qe7 13. g4 Rf8 14. Qe2 a6
15. b4 b5 16. Qg2 Ke8 17. Rd1 Qf7 18. Rd2 Kd8 19. Rf2 Qg6 20. h5 Qf7 21. Qh2
Qe7 22. Rg1 Qf7 23. Qh4 Kc8 24. Rh1 Bd7 25. Bc1 Qc4 26. g5 hxg5 27. Bxg5 Qxc3+
28. Kf1 Qc4+ 29. Kg2 Qf7 30. Bxf6 Qxf6 31. Qxf6 gxf6 32. h6 Rh8 33. c3 Nd8 34.
Kg1 Nf7 35. Rfh2 Ng5 36. Kf2 Kd8 37. Ke3 Bc6 38. Rf2 Ne6 39. Rg2 Ng5 40. Rg3
Ke7 41. Rh4 Rh7 42. Rg1 Rh8 43. Rc1 Nf7 44. h7 Ng5 45. c4 bxc4 46. Rxc4 Kd7 47.
f4 Rxh7 48. Rxh7+ Nxh7 49. Rc2 exf4+ 50. Kxf4 Ng5 51. e5 Ne6+ 52. Ke3 fxe5 53.
Rh2 Kc8 54. Kd3 Nd4 55. Kc4 Nb5 56. a4 Nd4 57. a5 Nb5 58. Rh6 e4 59. Rh8+ Kd7
60. Rh2 Ke6 61. Kb3 Kd5 62. Rd2+ Ke5 63. Rd1 d5 64. Re1 Kf4 65. Kc2 Nd4+ 66.
Kc3 Nf3 67. Rh1 d4+ 68. Kc2 d3+ 0-1

[Event "First Saturday 09 July FM-C"]
[Site "Budapest"]
[Date "2009.07.08"]
[Round "5"]
[White "Mendege, Andras"]
[Black "Farkas, Richard"]
[Result "0-1"]
[WhiteElo "1821"]
[BlackElo "1818"]
[PlyCount "102"]
[EventDate "2009.07.04"]

1. e4 e6 2. d4 d5 3. Nc3 Bb4 4. e5 c5 5. a3 Bxc3+ 6. bxc3 Ne7 7. Qg4 cxd4 8.
cxd4 Qc7 9. Kd1 Qc3 10. Rb1 Nf5 11. Bb2 Qc7 12. Bd3 h5 13. Qf4 Ne7 14. Qg5 g6
15. Ne2 Nbc6 16. Qf6 Rg8 17. h3 Bd7 18. g4 O-O-O 19. Bc3 Rh8 20. Kd2 Rde8 21.
Ng3 h4 22. Nf1 Rh7 23. Ne3 Ng8 24. Qf3 Qd8 25. Rb2 Rg7 26. Rhb1 b6 27. a4 Kb7
28. a5 f6 29. exf6 Nxf6 30. axb6 a5 31. Bb5 Rf8 32. Bxc6+ Bxc6 33. Kd3 Ne4 34.
Qxf8 Qxf8 35. Bxa5 Qa8 36. Be1 Qa6+ 37. c4 dxc4+ 38. Nxc4 Nd6 39. Rc1 Be4+ 40.
Ke3 Nxc4+ 41. Rxc4 Qxc4 42. Kxe4 Qd5+ 43. Ke3 Rf7 44. f4 g5 45. f5 exf5 46. Bb4
Qe4+ 47. Kd2 Qxd4+ 48. Kc2 fxg4 49. Bc3 Rf2+ 50. Kb3 Qxc3+ 51. Kxc3 Rxb2 0-1

[Event "First Saturday 09 July FM-C"]
[Site "Budapest"]
[Date "2009.07.08"]
[Round "5"]
[White "Pasztor, Mate"]
[Black "Pataki, Zemplen"]
[Result "1-0"]
[WhiteElo "1805"]
[BlackElo "1544"]
[PlyCount "129"]
[EventDate "2009.07.04"]

1. e4 c5 2. Nf3 Nc6 3. Bb5 e6 4. c3 Nf6 5. Qe2 a6 6. Ba4 Be7 7. O-O O-O 8. d4
cxd4 9. cxd4 b5 10. Bb3 d6 11. Bg5 Bb7 12. Nbd2 h6 13. Bf4 Rc8 14. Rac1 Qd7 15.
Rfd1 Na5 16. Bc2 Nc4 17. Nxc4 Rxc4 18. Bd3 Rxc1 19. Bxc1 Qc6 20. Nd2 Qb6 21.
Nb3 Rc8 22. Kh1 Bd8 23. f3 b4 24. Be3 a5 25. g4 d5 26. e5 Nd7 27. Rg1 a4 28.
Nd2 Nf8 29. f4 f6 30. Nf3 Bc6 31. h4 Be8 32. h5 Qa7 33. Rg3 Qf7 34. Rh3 Bc7 35.
g5 hxg5 36. fxg5 f5 37. g6 Qe7 38. Qg2 Bd8 39. Rg3 Rc7 40. Bg5 Qd7 41. Bd2 b3
42. a3 Rb7 43. h6 gxh6 44. Bxh6 Nxg6 45. Rxg6+ Bxg6 46. Qxg6+ Kh8 47. Kg2 Qf7
48. Qxf7 Rxf7 49. Kf2 Ra7 50. Ke3 Kh7 51. Bg5 Ba5 52. Bf6 Kh6 53. Ng5 Kh5 54.
Nxe6 Kg4 55. Be2+ Kg3 56. Bd3 Kg4 57. Nf4 Bd2+ 58. Kxd2 Kxf4 59. e6 Ra8 60. e7
Rc8 61. Bb5 Rc2+ 62. Kd1 Rxb2 63. e8=Q Rb1+ 64. Kd2 b2 65. Qe3+ 1-0

[Event "First Saturday 09 July FM-C"]
[Site "Budapest"]
[Date "2009.07.09"]
[Round "6"]
[White "Szoukup, Istvan"]
[Black "Pataki, Zemplen"]
[Result "1-0"]
[WhiteElo "1783"]
[BlackElo "1544"]
[PlyCount "105"]
[EventDate "2009.07.04"]

1. e4 c5 2. Nf3 Nc6 3. d4 cxd4 4. Nxd4 e5 5. Nb5 d6 6. c4 a6 7. N5c3 Nf6 8. Be3
Be7 9. Nd5 Nxd5 10. cxd5 Nb8 11. Nc3 O-O 12. Na4 Nd7 13. Be2 b5 14. Nc3 Bb7 15.
O-O Bg5 16. Qd2 Bxe3 17. Qxe3 Nb6 18. b3 f5 19. f4 exf4 20. Rxf4 fxe4 21. Qxe4
Rxf4 22. Qxf4 Nxd5 23. Nxd5 Bxd5 24. Rd1 Qb6+ 25. Qd4 Qxd4+ 26. Rxd4 Bf7 27.
Rxd6 Bg6 28. Kf2 Be4 29. Bf3 Bxf3 30. Kxf3 a5 31. Rd5 Rb8 32. Ke4 a4 33. bxa4
bxa4 34. Rd4 Rb2 35. Rxa4 Rxg2 36. Ra8+ Kf7 37. a4 Rxh2 38. a5 Ra2 39. a6 Ke6
40. a7 Ra4+ 41. Kd3 Kd7 42. Rg8 Ke6 43. a8=Q Rxa8 44. Rxa8 h5 45. Ke4 Kf6 46.
Ra5 Kg6 47. Kf4 Kh6 48. Kf5 g6+ 49. Kf6 h4 50. Rg5 h3 51. Rg3 Kh5 52. Rxh3+ Kg4
53. Rh1 1-0

[Event "First Saturday 09 July FM-C"]
[Site "Budapest"]
[Date "2009.07.09"]
[Round "6"]
[White "Farkas, Richard"]
[Black "Pasztor, Mate"]
[Result "1/2-1/2"]
[WhiteElo "1818"]
[BlackElo "1805"]
[PlyCount "108"]
[EventDate "2009.07.04"]

1. e4 e5 2. Nf3 Nc6 3. Bb5 a6 4. Bxc6 dxc6 5. O-O f6 6. d4 exd4 7. Qxd4 Qxd4 8.
Nxd4 Bd7 9. Bf4 O-O-O 10. Rd1 c5 11. Nf3 Ne7 12. Nc3 Ng6 13. Bg3 Bg4 14. Rxd8+
Kxd8 15. Rd1+ Kc8 16. Nd5 Ne5 17. Bxe5 fxe5 18. h3 Bxf3 19. gxf3 Bd6 20. Nb6+
Kd8 21. Nc4 Ke7 22. f4 Ke6 23. f5+ Ke7 24. f4 exf4 25. e5 Bxe5 26. Nxe5 Kf6 27.
Nd7+ Kxf5 28. Nxc5 g5 29. Rd5+ Kg6 30. Ne4 h6 31. Rd7 Kf5 32. Nc5 b6 33. Nxa6
Ra8 34. Nb4 c5 35. Nd3 Rxa2 36. Rc7 Ra1+ 37. Kg2 Rd1 38. Rc6 Rd2+ 39. Nf2 Rxc2
40. Rxb6 h5 41. Rh6 Rxb2 42. Rxh5 Kg6 43. Rh8 c4 44. Rc8 Rc2 45. Rc5 Kf6 46.
Kf3 Rc3+ 47. Ke2 Rc2+ 48. Ke1 Kg6 49. Rc6+ Kf5 50. Rc5+ Kg6 51. Ne4 Rh2 52.
Rxg5+ Kh6 53. Rg8 f3 54. Rf8 Re2+ 1/2-1/2

[Event "First Saturday 09 July FM-C"]
[Site "Budapest"]
[Date "2009.07.09"]
[Round "6"]
[White "Szecsi, Peter"]
[Black "Mendege, Andras"]
[Result "1-0"]
[WhiteElo "1755"]
[BlackElo "1821"]
[PlyCount "101"]
[EventDate "2009.07.04"]

1. e4 e6 2. d4 d5 3. exd5 exd5 4. Nf3 Be7 5. Bd3 Nf6 6. O-O O-O 7. h3 c5 8.
dxc5 Bxc5 9. Bg5 Be6 10. Nc3 Nc6 11. a3 h6 12. Bh4 Be7 13. Re1 Re8 14. Nb5 Qb6
15. b3 d4 16. Nbxd4 Bd5 17. Nf5 Rad8 18. Nxe7+ Nxe7 19. Bxf6 Qxf6 20. Re3 Bc6
21. c4 Rf8 22. Qe1 Nf5 23. Bxf5 Qxf5 24. Qe2 Rfe8 25. Ne5 Qg5 26. Nxc6 Rxe3 27.
Qxe3 Qxe3 28. fxe3 bxc6 29. Kf2 Rd2+ 30. Kf3 a5 31. b4 axb4 32. axb4 Rc2 33. c5
Kf8 34. Ra7 Rb2 35. Rb7 g6 36. h4 h5 37. g3 Rb3 38. Kf4 Kg7 39. e4 Kf6 40. Rb6
Ke7 41. Rxc6 Rxb4 42. Ke5 Rc4 43. Rc7+ Ke8 44. c6 Kd8 45. Rxf7 Rxc6 46. Rf6
Rc5+ 47. Kf4 g5+ 48. hxg5 Rc1 49. g6 Ke7 50. Rf5 Rc6 51. Kg5 1-0

[Event "First Saturday 09 July FM-C"]
[Site "Budapest"]
[Date "2009.07.09"]
[Round "6"]
[White "Pollak, Andras"]
[Black "Fabian, Laszlo"]
[Result "0-1"]
[WhiteElo "1693"]
[BlackElo "1777"]
[PlyCount "89"]
[EventDate "2009.07.04"]

1. d4 Nf6 2. c4 e6 3. a3 d5 4. Nc3 c6 5. Bg5 Be7 6. e3 O-O 7. Nf3 h6 8. Bh4
Nbd7 9. Bd3 dxc4 10. Bxc4 Nd5 11. Bg3 N7f6 12. O-O Nxc3 13. bxc3 Ne4 14. Qc2 f5
15. Ne5 Qe8 16. Bd3 Nf6 17. Qa2 Nh5 18. Bc4 Rf6 19. Be2 g5 20. Nc4 Nxg3 21.
hxg3 b5 22. Ne5 Kg7 23. Bf3 Bb7 24. g4 Bd6 25. c4 a6 26. Rac1 Rc8 27. c5 Bb8
28. g3 fxg4 29. Bxg4 h5 30. Bh3 g4 31. Bg2 Rf5 32. e4 Rxe5 33. dxe5 Bxe5 34.
Qd2 Qe7 35. Rfd1 Rf8 36. Qd7 Rf7 37. Qxe7 Rxe7 38. Rc2 Kf6 39. f4 gxf3 40. Bxf3
Bxg3 41. Bxh5 a5 42. Rg2 Bf4 43. Rf1 Ke5 44. Rgf2 Be3 45. Kh1 0-1

[Event "First Saturday 09 July FM-C"]
[Site "Budapest"]
[Date "2009.07.10"]
[Round "7"]
[White "Fabian, Laszlo"]
[Black "Szoukup, Istvan"]
[Result "1/2-1/2"]
[WhiteElo "1777"]
[BlackElo "1783"]
[PlyCount "156"]
[EventDate "2009.07.04"]

1. e4 e5 2. Nc3 Nf6 3. Nf3 Nc6 4. Bb5 Nd4 5. Ba4 Bc5 6. d3 Nxf3+ 7. Qxf3 O-O 8.
h3 c6 9. a3 d5 10. O-O Be6 11. Bg5 Be7 12. Bxf6 Bxf6 13. Bb3 dxe4 14. dxe4 Bxb3
15. cxb3 Qb6 16. b4 Rad8 17. Rad1 a5 18. Na4 Qb5 19. Nc3 Qb6 20. Na4 Qb5 21.
Nc3 Qa6 22. bxa5 Qxa5 23. Qe2 Rd4 24. Qc2 Rfd8 25. Kh2 R8d7 26. Qe2 Qd8 27. Qg4
Rd2 28. Rxd2 Rxd2 29. Rd1 Rxd1 30. Nxd1 b5 31. Ne3 g6 32. Qe2 Bg5 33. g3 Qd4
34. Nd1 Qd2 35. Qxd2 Bxd2 36. b3 c5 37. Kg2 c4 38. bxc4 bxc4 39. Kf1 c3 40. Ke2
Bc1 41. Nxc3 Bxa3 42. g4 f6 43. Nd5 Kf7 44. Kd3 h5 45. f4 hxg4 46. hxg4 exf4
47. Nxf4 Bd6 48. Ne2 g5 49. Ke3 Be5 50. Kf3 Ke6 51. Ke3 Kd6 52. Kd3 Kc5 53. Nc1
Kb4 54. Ne2 Kc5 55. Nc1 Kd6 56. Nb3 Bf4 57. Na5 Ke5 58. Nc4+ Ke6 59. Ke2 Bc7
60. Kf3 Bf4 61. Nb6 Ke5 62. Nd5 Bd2 63. Ne7 Ke6 64. Nf5 Bf4 65. Nd4+ Ke5 66.
Ne2 Bd2 67. Ng3 Bf4 68. Nh5 Bd2 69. Ng3 Bf4 70. Nh1 Kd4 71. Nf2 Be5 72. Nh3 Kd3
73. Ng1 Bb2 74. Ne2 Be5 75. Nc1+ Kc2 76. Ne2 Kd2 77. Ng1 Bd4 78. Ne2 Be5
1/2-1/2

[Event "First Saturday 09 July FM-C"]
[Site "Budapest"]
[Date "2009.07.10"]
[Round "7"]
[White "Mendege, Andras"]
[Black "Pollak, Andras"]
[Result "1-0"]
[WhiteElo "1821"]
[BlackElo "1693"]
[PlyCount "119"]
[EventDate "2009.07.04"]

1. e4 c5 2. Nf3 d6 3. d4 Bg4 4. d5 Nf6 5. h3 Bd7 6. e5 dxe5 7. Nxe5 Bf5 8. Bb5+
Bd7 9. Bxd7+ Nbxd7 10. Nxd7 Qxd7 11. c4 g6 12. O-O Bg7 13. Nc3 O-O 14. Re1 a6
15. a4 Ne8 16. Bf4 Nd6 17. Bxd6 exd6 18. Qd3 Bd4 19. Rad1 Qd8 20. b3 f5 21. Ne2
Be5 22. Qf3 Qb6 23. Rb1 Rae8 24. Nc1 Bh2+ 25. Kf1 Rxe1+ 26. Kxe1 Be5 27. Nd3
Bg7 28. Nf4 Re8+ 29. Ne6 Qb4+ 30. Kf1 Qc3 31. Qd1 a5 32. Rc1 Qe5 33. Qc2 Qh2
34. f4 Bh6 35. Qf2 Qh1+ 36. Qg1 Qxg1+ 37. Kxg1 Bg7 38. Rd1 Bf6 39. Kf2 h6 40.
Kf3 g5 41. g4 fxg4+ 42. hxg4 gxf4 43. Kxf4 Be5+ 44. Ke4 Re7 45. Rf1 Bg7 46. Rf5
b6 47. Kf4 Be5+ 48. Kf3 Bg7 49. Kg3 Kh7 50. Kf4 Kg8 51. g5 Be5+ 52. Kg4 hxg5
53. Kxg5 Bg7 54. Kg6 Rb7 55. Rh5 Rf7 56. Rf5 Rb7 57. Rf3 Rd7 58. Rh3 Rf7 59.
Nxg7 Rxg7+ 60. Kf6 1-0

[Event "First Saturday 09 July FM-C"]
[Site "Budapest"]
[Date "2009.07.10"]
[Round "7"]
[White "Pasztor, Mate"]
[Black "Szecsi, Peter"]
[Result "1-0"]
[WhiteElo "1805"]
[BlackElo "1755"]
[PlyCount "89"]
[EventDate "2009.07.04"]

1. e4 e5 2. Nf3 Nc6 3. Bb5 Nf6 4. d3 d6 5. c3 a6 6. Ba4 b5 7. Bc2 Be7 8. O-O
O-O 9. Nbd2 d5 10. d4 dxe4 11. Nxe4 exd4 12. Nxd4 Nxd4 13. Qxd4 Qxd4 14. cxd4
Nd5 15. Nc5 Bf6 16. Be3 Bg4 17. h3 Bh5 18. Nd7 Rfe8 19. Nxf6+ Nxf6 20. Rfe1 Nd5
21. a3 f6 22. Rac1 Rac8 23. Bf5 Rcd8 24. Rc6 Rd6 25. Rxd6 cxd6 26. Bd2 Rxe1+
27. Bxe1 Ne7 28. Bd7 Kf7 29. Bb4 d5 30. Kf1 Bd1 31. Ke1 Bb3 32. Kd2 g6 33. Kc3
Bc4 34. h4 h5 35. Bc5 a5 36. Bb6 b4+ 37. axb4 axb4+ 38. Kxb4 g5 39. hxg5 fxg5
40. Bb5 Bxb5 41. Kxb5 Ke6 42. Kc5 Kd7 43. Ba5 h4 44. f3 Ke6 45. Bd8 1-0